<?xml version="1.0" encoding="UTF-8"?>
<record
    xmlns:xsi="http://www.w3.org/2001/XMLSchema-instance"
    xsi:schemaLocation="http://www.loc.gov/MARC21/slim http://www.loc.gov/standards/marcxml/schema/MARC21slim.xsd"
    xmlns="http://www.loc.gov/MARC21/slim">

  <leader>00787nam a2200241Ia 4500</leader>
  <controlfield tag="003">OSt</controlfield>
  <controlfield tag="005">20220923211824.0</controlfield>
  <controlfield tag="006">a|||||r|||| 00| 0</controlfield>
  <controlfield tag="007">ta</controlfield>
  <controlfield tag="008">220922b        |||||||| |||| 00| 0 san d</controlfield>
  <datafield tag="024" ind1=" " ind2=" ">
    <subfield code="a">59,080</subfield>
  </datafield>
  <datafield tag="037" ind1=" " ind2=" ">
    <subfield code="c">Textual</subfield>
  </datafield>
  <datafield tag="040" ind1=" " ind2=" ">
    <subfield code="a">ARTS</subfield>
    <subfield code="c">ARTS</subfield>
    <subfield code="b">san</subfield>
  </datafield>
  <datafield tag="041" ind1=" " ind2=" ">
    <subfield code="2">san</subfield>
    <subfield code="a">san</subfield>
  </datafield>
  <datafield tag="082" ind1=" " ind2=" ">
    <subfield code="a">Q14:21, 15M9.1-.4</subfield>
  </datafield>
  <datafield tag="100" ind1=" " ind2=" ">
    <subfield code="a">&#x938;&#x93E;&#x92F;&#x923;&#x93E;&#x91A;&#x93E;&#x930;&#x94D;&#x92F;, &#x932;&#x947;.</subfield>
  </datafield>
  <datafield tag="245" ind1=" " ind2="0">
    <subfield code="a">&#x905;&#x925;&#x930;&#x94D;&#x935;&#x935;&#x947;&#x926; &#x938;&#x902;&#x939;&#x93F;&#x924;&#x93E;, &#x936;&#x902;&#x915;&#x930; &#x92A;&#x93E;&#x923;&#x94D;&#x921;&#x941;&#x930;&#x902;&#x917; &#x938;&#x92E;&#x94D;&#x92A;&#x93E;  </subfield>
  </datafield>
  <datafield tag="246" ind1=" " ind2=" ">
    <subfield code="a">Atharvaved sanhit&#x101;, shankar p&#x101;&#x1E47;&#x1E0D;uranga samp&#x101;  </subfield>
  </datafield>
  <datafield tag="260" ind1=" " ind2=" ">
    <subfield code="c">1989</subfield>
  </datafield>
  <datafield tag="490" ind1=" " ind2=" ">
    <subfield code="a">Krishnadas sanskrit series( 109</subfield>
  </datafield>
  <datafield tag="942" ind1=" " ind2=" ">
    <subfield code="h">Q14:21, 15M9.1-.4</subfield>
    <subfield code="c">TEXL</subfield>
    <subfield code="2">CC</subfield>
  </datafield>
  <datafield tag="999" ind1=" " ind2=" ">
    <subfield code="c">303999</subfield>
    <subfield code="d">303999</subfield>
  </datafield>
  <datafield tag="952" ind1=" " ind2=" ">
    <subfield code="0">0</subfield>
    <subfield code="1">0</subfield>
    <subfield code="4">0</subfield>
    <subfield code="7">0</subfield>
    <subfield code="a">ARTS</subfield>
    <subfield code="b">CRL</subfield>
    <subfield code="d">2022-09-23</subfield>
    <subfield code="l">1</subfield>
    <subfield code="o">Q14:21 15M9.1-.4</subfield>
    <subfield code="p">AL0990337</subfield>
    <subfield code="r">2024-12-13 07:00:17</subfield>
    <subfield code="s">2024-12-10</subfield>
    <subfield code="w">2022-09-23</subfield>
    <subfield code="y">TEXL</subfield>
  </datafield>
</record>
